000 00593cam a2200205 a 4500
001 000018259
003 DO-SdBNP
005 20250702093813.0
008 810624s1955 nyu 000 0 eng d
040 _aDO-SdBNP
_beng
_cLC
_dBNPHU
049 _aBNGR
050 0 0 _aPZ3.B44195
_bBr
_aPS3552.E5476595
082 _ann*
_bB474b
100 1 _aBenson, Ben.
_939551
245 1 0 _aBroken shield :
_ba Ralph Lindsey mystery /
_cBen Benson.
260 _aNew York :
_bM.S. Mill ;
_bWilliam Morrow,
_c1955.
300 _a191 p. ;
_c22 cm.
910 _aCatalogación por copia / LC
942 _2ddc
_cLBS1
999 _c17780
_d17780